Rekreační chaty : individuální výstavba a montované typy /

Hlavní autor: Tajovský, Václav
Jazyk: Čeština
Vydáno: Praha : Státní nakladatelství technické literatury, 1972
Vydání: 3., přeprac. a dopln. vyd.
Edice: Řada stavební literatury
Externí odkaz: Digitalizovaný dokument
Fyzický popis: 240 s. ; 8°
Knihy
Uloženo v:
LEADER 01639nam a22003612a 4500
001 000811292
003 CZ BrMZK
005 20200409142720.0
007 ta
008 050408s1972 xr er|||||||||||cze d
015 |a cnb000155327 
035 |a (OCoLC)42155759 
040 |a ABA001  |b cze  |c PNA001  |d ABA001  |d BOA001 
080 9 |a 728.86(023) 
100 1 |a Tajovský, Václav  |7 jk01132021  |4 aut 
245 1 0 |a Rekreační chaty :  |b individuální výstavba a montované typy /  |c Václav Tajovský 
250 |a 3., přeprac. a dopln. vyd. 
260 |a Praha :  |b Státní nakladatelství technické literatury,  |c 1972 
300 |a 240 s. ;  |c 8° 
490 1 |a Řada stavební literatury 
500 |a Dostupné též v digitální podobě v aplikaci Kramerius 
500 |a V roce 1973 dotisk 
504 |a Obsahuje bibliografii 
830 0 |a Řada stavební literatury  |0 s 
856 4 1 |u http://www.digitalniknihovna.cz/mzk/uuid/uuid:84771a30-7b69-11e7-b92d-005056827e51  |y Digitalizovaný dokument  |x NDK 
910 |a BOA001  |b 2-0681.395  |b TK-0164.604  |b 2-0681.395-73 
990 |a BK 
991 |b 200504 
996 6 |b 2619684642  |c 2-0681.395  |l Sklad H1  |r Sklad / do 24 hodin  |n 2  |h HS212  |w 000811292  |u 000070  |a 1  |e BOA001  |j MZK50  |s P 
996 7 |b 2629944942  |c TK-0164.604  |l MZK  |r Sklad / do 24 hodin  |n 4  |w 000811292  |u 000010  |a 1  |e BOA001  |j MZK50  |s A 
996 7 |b 2629946842  |c TK-0164.604  |l MZK  |r Sklad / do 24 hodin  |n 2  |w 000811292  |u 000020  |a 1  |e BOA001  |j MZK50  |s A 
996 6 |b BC-290104  |c TK-0164.604  |l MZK  |r Sklad / do 24 hodin  |n 0  |w 000811292  |u 000030  |a 1  |e BOA001  |j MZK50  |s P 
996 6 |b BC-290105  |c TK-0164.604  |l MZK  |r Sklad / do 24 hodin  |n 0  |w 000811292  |u 000040  |a 1  |e BOA001  |j MZK50  |s P